00325nam a2200121Ia 4500008004100000082001800041100001600059245004600075250000800121260004200129300001000171650002200181150201s2003 xx 000 0 und d a617.6bR2003J aJAIN,ANURAG aREVIEW SERIES FOR AIPG DENTAL EXAMINATION a1ST bJAYPEE MEDICAL PUBLISHERaDELHIc2003 a1-354 aGENERAL DENTISTRY